Catalog

Record Details

Catalog Search



Quo vadis, femina? : the vision of women on sustainable life  Cover Image Book Book

Quo vadis, femina? : the vision of women on sustainable life / Marie Haisová, the team of the Agentura Gaia

Haisová, Marie, 1951- (Author). Agentura Gaia (Added Author). Quo vadis, femina? (projekt) (Added Author).

Record details

  • ISBN: 978-80-903966-1-6
  • Physical Description: 277 s. : il. ; 21 cm
  • Edition: 1st pub.
  • Publisher: [Tábor] : Gimli, 2007

Content descriptions

General Note:
Přeloženo z češtiny
Výstup projektu Quo vadis, femina? - the vision of women on sustainable life
Bibliography, etc. Note:
Obsahuje bibliografii
Subject: Quo vadis, femina? (projekt)
mezinárodní programy a projekty
ženy
gender
rovné postavení mužů a žen
diskriminace žen
trvale udržitelný život
international programs and projects
women
gender
gender equality
discrimination of women
sustainable life
Genre: sborníky
případové studie
miscellanea
case studies

Available copies

  • 1 of 1 copy available at Common Catalog SPOK.

Holds

  • 0 current holds with 1 total copy.
Show All Copies
Location Call Number / Copy Notes Barcode Shelving Location Status Due Date
Jabok Library Soc-1.8.7 424480020667 Odborná literatura Available -

Electronic resources

Version of Resource: Obsah


LDR 02261nam a2200625 a 4500
00110725
003CZ-PrJAB
00520180619152033.0
007ta
008070924s2007 xr a f 000 0 eng
015 . ‡acnb001752915
020 . ‡a978-80-903966-1-6 ‡q(brož.)
035 . ‡a(CZ PrNK)nkc20071752915
035 . ‡a(OCoLC)190753234
040 . ‡aABA001 ‡bcze
0411 . ‡aeng ‡hcze
072 7. ‡a316.4/.7 ‡xSociální interakce. Sociální komunikace ‡2Konspekt ‡918
080 . ‡a[061:005.56]-027.543 ‡2MRF
080 . ‡a316.346.2-055.2 ‡2MRF
080 . ‡a316.66-055.1/.3 ‡2MRF
080 . ‡a342.722 ‡2MRF
080 . ‡a316.647.82-055.2 ‡2MRF
080 . ‡a316.728:502.1 ‡2MRF
080 . ‡a(082) ‡2MRF
080 . ‡a(078.7) ‡2MRF
1001 . ‡aHaisová, Marie, ‡d1951- ‡7jn99240000256 ‡4aut
24510. ‡aQuo vadis, femina? : ‡bthe vision of women on sustainable life / ‡cMarie Haisová, the team of the Agentura Gaia
250 . ‡a1st pub.
260 . ‡a[Tábor] : ‡bGimli, ‡c2007
300 . ‡a277 s. : ‡bil. ; ‡c21 cm
500 . ‡aPřeloženo z češtiny
500 . ‡aVýstup projektu Quo vadis, femina? - the vision of women on sustainable life
504 . ‡aObsahuje bibliografii
61027. ‡aQuo vadis, femina? (projekt) ‡7kn20060810017 ‡2czenas
65007. ‡amezinárodní programy a projekty ‡7ph136669 ‡2czenas
65007. ‡aženy ‡7ph127967 ‡2czenas
65007. ‡agender ‡7ph175751 ‡2czenas
65007. ‡arovné postavení mužů a žen ‡7ph125244 ‡2czenas
65007. ‡adiskriminace žen ‡7ph164215 ‡2czenas
65007. ‡atrvale udržitelný život ‡7ph126769 ‡2czenas
65009. ‡ainternational programs and projects ‡2eczenas
65009. ‡awomen ‡2eczenas
65009. ‡agender ‡2eczenas
65009. ‡agender equality ‡2eczenas
65009. ‡adiscrimination of women ‡2eczenas
65009. ‡asustainable life ‡2eczenas
655 7. ‡asborníky ‡7fd163935 ‡2czenas
655 7. ‡apřípadové studie ‡7fd133208 ‡2czenas
655 9. ‡amiscellanea ‡2eczenas
655 9. ‡acase studies ‡2eczenas
7102 . ‡aAgentura Gaia ‡7kn20060810018
7102 . ‡aQuo vadis, femina? (projekt) ‡7kn20060810017
85641. ‡yObsah ‡uhttp://toc.nkp.cz/NKC/200711/contents/nkc20071752915_1.pdf
910 . ‡aABG312
901 . ‡a10725 ‡bUnknown ‡c10725 ‡tbiblio

Additional Resources